Central Library OPAC University of Rajshahi

উপনিষৎ গ্রন্থাবলী / (Record no. 1966)

MARC details
000 -LEADER
fixed length control field 00968nam a2200241 a 4500
001 - CONTROL NUMBER
control field 1966
003 - CONTROL NUMBER IDENTIFIER
rucl marc code BD-RjUL
005 - DATE AND TIME OF LATEST TRANSACTION
control field 20211208233443.0
008 - FIXED-LENGTH DATA ELEMENTS--GENERAL INFORMATION
fixed length control field 190215s1949 ii 001 0 ben d
020 ## - INTERNATIONAL STANDARD BOOK NUMBER
Terms of availability : IRs. 5.00
035 ## - SYSTEM CONTROL NUMBER
System control number (BD-RjUL)1993
040 ## - CATALOGING SOURCE
Original cataloging agency BD-RjUL
Transcribing agency BD-RjUL
Modifying agency BD-RjUL
Language of cataloging eng
041 ## - LANGUAGE CODE
Language code of text/sound track or separate title ben/sans
082 ## - DEWEY DECIMAL CLASSIFICATION NUMBER
Edition number 23
Classification number 294.59218
Author mark and year UPA 1949
245 00 - TITLE STATEMENT
Title উপনিষৎ গ্রন্থাবলী /
Statement of responsibility, etc. স্বামী গম্ভীরানন্দ সম্পাদিত
250 ## - EDITION STATEMENT
Edition statement ৩য় সং.
260 ## - PUBLICATION, DISTRIBUTION, ETC. (IMPRINT)
Place of publication, distribution, etc. কলিকাতা:
Name of publisher, distributor, etc. উদ্বোধন কার্যালয়,
Date of publication, distribution, etc. ১৯৪৯ (আষাঢ় ১৩৫৬)
300 ## - PHYSICAL DESCRIPTION
Pagination ভাগ ;
Size ১৮ সেমি.
505 0# - FORMATTED CONTENTS NOTE
Formatted contents note ২য় ভাগ, ছান্দোগ্যোপনিষৎ --
650 ## - SUBJECT ADDED ENTRY--TOPICAL TERM
Topical term or geographic name as entry element উপনিষৎ
9 (RLIN) 228269
700 ## - ADDED ENTRY--PERSONAL NAME
Personal name গম্ভীরানন্দ, (স্বামী ), সম্পাদক
942 ## - ADDED ENTRY ELEMENTS (KOHA)
Source of classification or shelving scheme Dewey Decimal Classification
Koha item type Rare Books
Holdings
Lost status Source of classification or shelving scheme Damaged status Not for loan Collection code Permanent Location Current Location Shelving location Date acquired Cost, normal purchase price Total Checkouts Full call number Date last seen Copy number Koha item type
  Dewey Decimal Classification   Not For Loan Rare Books Central Library, University of Rajshahi Central Library, University of Rajshahi Rare Book Section 30/01/1958 5.00   BRA 294.59218 UPA 1949 16/02/2019 C-1 Rare Books